Informe emitido por la Sección Primera de dicho Consejo acerca de los resultados obtenidos por la aplicación del Convenio de Comercio vigente entre España y Suiza (Record no. 184276)
[ view plain ]
| 000 -LEADER | |
|---|---|
| campo de control de longitud fija | 00793nam a2200157 i 4500 |
| 001 - NÚMERO DE CONTROL | |
| campo de control | 184276 |
| 003 - IDENTIFICADOR DE NÚMERO DE CONTROL | |
| campo de control | ES-MaACL |
| 005 - FECHA Y HORA DE LA ÚLTIMA TRANSACCIÓN | |
| campo de control | 20250809013833.0 |
| 008 - DATOS DE LONGITUD FIJA--INFORMACIÓN GENERAL | |
| campo de control de longitud fija | 150608s1896 sp |||| | spa d |
| 110 2# - ENTRADA PRINCIPAL--NOMBRE DE ENTIDAD CORPORATIVA | |
| Nombre de entidad corporativa o nombre de jurisdicción como elemento de entrada | Consejo de Aduanas y Aranceles (España) |
| 9 (RLIN) | 156968 |
| 245 10 - MENCIÓN DEL TÍTULO | |
| Título | Informe emitido por la Sección Primera de dicho Consejo acerca de los resultados obtenidos por la aplicación del Convenio de Comercio vigente entre España y Suiza |
| Resto del título | : este dictamen fue aprobado por el Consejo en pleno en sesión celebrada el 18 de abril de 1896 / |
| Mención de responsabilidad, etc. | Consejo de Aduanas y Aranceles. |
| 300 ## - DESCRIPCIÓN FÍSICA | |
| Extensión | 42 p. ; |
| Dimensiones | 23 cm. |
| 651 #4 - PUNTO DE ACCESO ADICIONAL DE MATERIA--NOMBRE GEOGRÁFICO | |
| Nombre geográfico | España- |
| Subdivisión general | Comercio exterior- |
| Subdivisión geográfica | Suiza. |
| 9 (RLIN) | 156969 |
| 852 ## - LOCALIZACIÓN | |
| Ubicación | ES-MaACL |
| Número de control de estantería | T-807-F-2 |
| Nota libre | .- Enc. hol. conservando enc. original |
| -- | .- Enc. en un vol. facticio |
| Estatus retirado | Estado de pérdida | Estado de daño | No para préstamo | Colección | Biblioteca de origen | Biblioteca actual | Ubicación en estantería | Fecha de adquisición | Fuente de adquisición | Total de préstamos | Signatura topográfica completa | Código de barras | Visto por última vez | Precio de reemplazo | Tipo de ítem Koha |
|---|---|---|---|---|---|---|---|---|---|---|---|---|---|---|---|
| Colección de folletos | Biblioteca del Ateneo de Madrid | Biblioteca del Ateneo de Madrid | Depósito folletos | 08/06/2015 | T-807-F-2 | 1193841 | 23/02/2023 | 23/02/2023 | Folleto |
